[Event "London Classic op U1600 8th"]
[Site "London"]
[Date "2016.12.11"]
[Round "5"]
[White "Siddharth, Lakshan"]
[Black "Johnson, Elizabeth"]
[Result "1/2-1/2"]
[WhiteElo "1232"]
[BlackElo "1354"]
[PlyCount "89"]
[EventDate "2016.12.09"]
[EventType "swiss"]
[EventRounds "5"]
[EventCountry "ENG"]
[SourceTitle "EXT 2019"]
[Source "ChessBase"]
[SourceDate "2018.10.10"]
[SourceVersion "1"]
[SourceVersionDate "2018.10.10"]
[SourceQuality "1"]

1. e4 c6 2. c4 d5 3. cxd5 cxd5 4. e5 Qc7 5. d4 Nc6 6. Nc3 e6 7. Nf3 Bb4 8. Bd2 Nge7 9. Bb5 0-0 10. 0-0 Qb6 11. Bxc6 Nxc6 12. Ne2 Bd7 13. Rb1 Bxd2 14. Qxd2 f6 15. h3 fxe5 16. dxe5 Be8 17. Nf4 Nd8 18. Rfe1 Rc8 19. Rec1 Rc6 20. Rxc6 Bxc6 21. Nd4 Bd7 22. Nf3 Nc6 23. Nh5 Be8 24. Nf4 Nd8 25. Kh1 Qa6 26. Ra1 Qc4 27. Ne2 Bh5 28. b3 Qc5 29. Ned4 Bxf3 30. Nxf3 Nc6 31. Rc1 Qb5 32. Kg1 Qb6 33. Ra1 Qc7 34. Re1 Qf7 35. Re2 Qg6 36. Re3 Ne7 37. b4 Nf5 38. Rd3 Ne7 39. a3 Rc8 40. Rc3 Qb1+ 41. Kh2 Rc6 42. Rxc6 Nxc6 43. Nd4 Qg6 44. Nxc6 bxc6 45. Qe3 1/2-1/2

[Event "BCF-chT4S 1617 (4NCL)"]
[Site "England"]
[Date "2016.11.27"]
[Round "2.135"]
[White "Johnson, Elizabeth"]
[Black "Ross, Stuart"]
[Result "0-1"]
[WhiteElo "1310"]
[BlackElo "1720"]
[PlyCount "172"]
[EventDate "2016.11.26"]
[EventType "team-swiss"]
[EventRounds "11"]
[EventCountry "ENG"]
[SourceTitle "EXT 2019"]
[Source "ChessBase"]
[SourceDate "2018.10.10"]
[SourceVersion "1"]
[SourceVersionDate "2018.10.10"]
[SourceQuality "1"]
[WhiteTeam "Wood Green III"]
[BlackTeam "Shropshire II"]
[WhiteTeamCountry "ENG"]
[BlackTeamCountry "ENG"]

1. e4 c5 2. Nf3 e6 3. d4 cxd4 4. Nxd4 a6 5. Nc3 Qc7 6. Bd3 Nf6 7. 0-0 Be7 8. Re1 d6 9. Qe2 Nc6 10. Nxc6 bxc6 11. f4 0-0 12. e5 dxe5 13. fxe5 Nd5 14. Nxd5 cxd5 15. Qh5 g6 16. Qh6 Re8 17. h4 Bf8 18. Qg5 Qe7 19. Qf6 Bg7 20. Qxe7 Rxe7 21. Bg5 Rb7 22. Rab1 Bd7 23. Bf6 Bb5 24. Bxg7 Kxg7 25. Bxb5 axb5 26. a3 Ra4 27. g3 b4 28. axb4 Raxb4 29. b3 Rc7 30. Re2 Rc3 31. Kg2 Rg4 32. b4 Rcxg3+ 33. Kh2 Rc3 34. b5 Rxh4+ 35. Kg2 Rc7 36. b6 Rb7 37. Re3 Rc4 38. Rb2 Rc6 39. Reb3 f5 40. exf6+ Kxf6 41. Rf3+ Kg7 42. Rfb3 d4 43. Kf3 Rd6 44. Ke4 Kf6 45. Rf3+ Ke7 46. Rh3 Rbxb6 47. Rxh7+ Kf6 48. Rxb6 Rxb6 49. Kxd4 Rd6+ 50. Ke4 Rc6 51. Kd3 e5 52. Rh4 Kf5 53. Rh8 e4+ 54. Kd4 Rxc2 55. Rf8+ Kg4 56. Kxe4 Re2+ 57. Kd3 Re7 58. Rf1 g5 59. Rg1+ Kh5 60. Rh1+ Kg6 61. Rg1 Re5 62. Kd4 Rf5 63. Ke4 Rf4+ 64. Ke5 Ra4 65. Rg2 g4 66. Rg3 Kg5 67. Rg1 Ra3 68. Ke4 g3 69. Rg2 Kg4 70. Rg1 Ra2 71. Ke3 g2 72. Ke4 Kg3 73. Ke3 Rf2 74. Kd3 Rf1 75. Rxg2+ Kxg2 76. Kd4 Kf3 77. Kd5 Kf4 78. Ke6 Rd1 79. Kf6 Rd6+ 80. Ke7 Ke5 81. Kf7 Re6 82. Kg7 Rf6 83. Kg8 Ke6 84. Kg7 Ke7 85. Kh7 Kf7 86. Kh8 Rh6# 0-1

[Event "BCF-chT4S 1617 (4NCL)"]
[Site "England"]
[Date "2016.11.26"]
[Round "1.209"]
[White "Dhemrait, Surjit S"]
[Black "Johnson, Elizabeth"]
[Result "1-0"]
[WhiteElo "1555"]
[BlackElo "1310"]
[PlyCount "157"]
[EventDate "2016.11.26"]
[EventType "team-swiss"]
[EventRounds "11"]
[EventCountry "ENG"]
[SourceTitle "EXT 2019"]
[Source "ChessBase"]
[SourceDate "2018.10.10"]
[SourceVersion "1"]
[SourceVersionDate "2018.10.10"]
[SourceQuality "1"]
[WhiteTeam "Cambridge University III"]
[BlackTeam "Wood Green III"]
[WhiteTeamCountry "ENG"]
[BlackTeamCountry "ENG"]

1. e4 c6 2. Nc3 d5 3. d3 e5 4. Nf3 d4 5. Ne2 Bd6 6. Ng3 Be6 7. Bd2 Qc7 8. Ng5 Bc8 9. Be2 h6 10. Nf3 Nf6 11. Nh4 g6 12. Qc1 h5 13. 0-0 Be6 14. f4 exf4 15. Bxf4 Bxf4 16. Qxf4 Qxf4 17. Rxf4 Nbd7 18. Rff1 Bg4 19. Nf3 h4 20. Nh1 c5 21. Nf2 Bxf3 22. Bxf3 Ne5 23. Nh3 Nh7 24. Nf4 Ng5 25. Nd5 0-0-0 26. Rfd1 Nexf3+ 27. gxf3 Nxf3+ 28. Kg2 Ne5 29. h3 g5 30. Ne7+ Kb8 31. Nf5 g4 32. Rh1 g3 33. Rhf1 c4 34. Rad1 cxd3 35. cxd3 Rh7 36. Rf4 Ng6 37. Rff1 Rd7 38. Rc1 Ne5 39. Rfd1 Nc6 40. a3 Ne7 41. Rf1 Ng6 42. Rc4 Ne5 43. Rxd4 Rxd4 44. Nxd4 Nxd3 45. b4 Ne5 46. Nf5 Nc4 47. a4 Nb2 48. a5 Nd3 49. b5 Nf2 50. Nxh4 Nxe4 51. Rf4 Nd6 52. b6 axb6 53. axb6 Nc8 54. Rb4 Rh6 55. Nf5 Rxb6 56. Rxb6 Nxb6 57. Nd6 f6 58. Kxg3 Nd5 59. h4 f5 60. h5 Nf6 61. h6 Kc7 62. Ne8+ Nxe8 63. h7 Nd6 64. h8Q b5 65. Kf4 Kc6 66. Qc3+ Kd7 67. Ke5 Nc4+ 68. Kxf5 Kc6 69. Ke4 Kc5 70. Kd3 Kd6 71. Kd4 Kc6 72. Qf3+ Kb6 73. Qf6+ Ka5 74. Kc5 Na3 75. Qd8+ Ka4 76. Qd1+ Ka5 77. Qb3 b4 78. Qxb4+ Ka6 79. Qb6# 1-0

[Event "EU School-ch U13 Girls"]
[Site "Kallithea"]
[Date "2016.06.23"]
[Round "7"]
[White "Johnson, Elizabeth"]
[Black "Novik, Maya"]
[Result "0-1"]
[WhiteElo "1287"]
[BlackElo "1615"]
[PlyCount "122"]
[EventDate "2016.06.17"]
[EventType "swiss"]
[EventRounds "9"]
[EventCountry "GRE"]
[SourceTitle "EXT 2017"]
[Source "ChessBase"]
[SourceDate "2016.10.25"]
[SourceVersion "1"]
[SourceVersionDate "2016.10.25"]
[SourceQuality "1"]

1. e4 c5 2. Nf3 Nc6 3. Bb5 g6 4. Bxc6 bxc6 5. d3 Bg7 6. 0-0 Nf6 7. Nc3 0-0 8. Be3 d6 9. h3 Rb8 10. Qc1 Ne8 11. Bd2 f5 12. Rb1 Nc7 13. Bh6 fxe4 14. Nxe4 Bxh3 15. Bxg7 Kxg7 16. Qe3 Bg4 17. Nh2 Bc8 18. c4 a6 19. Rfe1 e5 20. b3 Bf5 21. Nxc5 dxc5 22. Qxe5+ Kg8 23. Qxc5 Qf6 24. Rbd1 Rbe8 25. Nf3 Bg4 26. Re3 Rxe3 27. Qxe3 Bxf3 28. gxf3 Qxf3 29. Qxf3 Rxf3 30. Kg2 Rf8 31. f3 Rd8 32. Kf2 Ne6 33. Ke3 Kg7 34. d4 Kf6 35. Ke4 h5 36. f4 Nc7 37. Kf3 Kf5 38. Rd2 Ne6 39. d5 cxd5 40. Rxd5+ Rxd5 41. cxd5 Nxf4 42. d6 Ne6 43. Kg3 g5 44. d7 g4 45. a3 Kg5 46. a4 h4+ 47. Kf2 Kf4 48. Kg2 g3 49. b4 Kg4 50. b5 h3+ 51. Kg1 axb5 52. axb5 Nd8 53. b6 Kf3 54. b7 Nxb7 55. d8Q Nxd8 56. Kh1 g2+ 57. Kg1 h2+ 58. Kxh2 Kf2 59. Kh3 g1Q 60. Kh4 Nf7 61. Kh5 Qg5# 0-1

[Event "Crawley e2e4 Gatwick op U1650"]
[Site "Crawley"]
[Date "2016.05.30"]
[Round "6"]
[White "Bullock, Lee"]
[Black "Johnson, Elizabeth"]
[Result "1-0"]
[WhiteElo "1556"]
[BlackElo "1293"]
[PlyCount "89"]
[EventDate "2016.05.27"]
[EventType "swiss"]
[EventRounds "7"]
[EventCountry "ENG"]
[SourceTitle "EXT 2019"]
[Source "ChessBase"]
[SourceDate "2018.10.10"]
[SourceVersion "1"]
[SourceVersionDate "2018.10.10"]
[SourceQuality "1"]

1. Nf3 d5 2. c4 e6 3. d4 Nf6 4. Nc3 c6 5. Bf4 Nbd7 6. e3 Be7 7. Bd3 0-0 8. Qc2 b6 9. cxd5 exd5 10. g4 h6 11. g5 hxg5 12. Nxg5 Nh5 13. Bh7+ Kh8 14. Bg8 g6 15. Nxf7+ Rxf7 16. Bxf7 Nxf4 17. exf4 Bf6 18. Qxg6 Qf8 19. Qh5+ Kg7 20. Rg1+ Bg5 21. Rxg5+ Kf6 22. Qg6+ Ke7 23. Qe6+ Kd8 24. Rg8 Kc7 25. Rxf8 Nxf8 26. Nxd5+ cxd5 27. Rc1+ Kb7 28. Qxd5+ Kb8 29. Qd6+ Kb7 30. Bd5+ Ka6 31. Bxa8 Bd7 32. Qxf8 b5 33. Qd6+ Bc6 34. Qxc6+ Ka5 35. h4 a6 36. h5 b4 37. h6 b3 38. Qc7+ Kb5 39. Qb7+ Ka5 40. Qc7+ Ka4 41. a3 a5 42. h7 Kb5 43. h8N a4 44. f5 Ka6 45. Rc6+ 1-0

[Event "Crawley e2e4 Gatwick op U1650"]
[Site "Crawley"]
[Date "2016.05.29"]
[Round "4"]
[White "Johnson, Elizabeth"]
[Black "Gogia, Armaan"]
[Result "1-0"]
[WhiteElo "1293"]
[BlackElo "1570"]
[PlyCount "61"]
[EventDate "2016.05.27"]
[EventType "swiss"]
[EventRounds "7"]
[EventCountry "ENG"]
[SourceTitle "EXT 2019"]
[Source "ChessBase"]
[SourceDate "2018.10.10"]
[SourceVersion "1"]
[SourceVersionDate "2018.10.10"]
[SourceQuality "1"]

1. e4 c5 2. Nf3 d6 3. d4 cxd4 4. Qxd4 a6 5. Nc3 Nc6 6. Qd1 Nf6 7. Be2 e5 8. Be3 Be6 9. 0-0 Be7 10. Qd2 h6 11. Rad1 b5 12. a3 0-0 13. Bd3 Qc7 14. Kh1 Rad8 15. Be2 Nxe4 16. Nxe4 f5 17. Nc3 f4 18. Bxf4 Rxf4 19. Nd5 Bxd5 20. Qxd5+ Kh8 21. Nd2 Nd4 22. Bd3 Nxc2 23. Rc1 Rd4 24. Qb3 Rxd3 25. Qxd3 Rc8 26. f4 d5 27. fxe5 Bg5 28. e6 a5 29. Rf7 Qe5 30. Rxc2 Rxc2 31. Rf8# 1-0

[Event "Sunningdale e2e4 U1800 op 04"]
[Site "Sunningdale"]
[Date "2014.04.20"]
[Round "7"]
[White "Johnson, Elizabeth"]
[Black "Winter, Malcolm J"]
[Result "0-1"]
[WhiteElo "1428"]
[BlackElo "1542"]
[PlyCount "106"]
[EventDate "2014.04.17"]
[EventType "swiss"]
[EventRounds "7"]
[EventCountry "ENG"]
[SourceTitle "EXT 2015"]
[Source "ChessBase"]
[SourceDate "2014.11.20"]
[SourceVersion "1"]
[SourceVersionDate "2014.11.20"]
[SourceQuality "1"]

1. e4 c6 2. d4 d5 3. e5 Bf5 4. Nf3 e6 5. Nc3 Ne7 6. Bd2 Nd7 7. Be2 Qb6 8. Rb1 Qc7 9. 0-0 h6 10. Na4 Ng6 11. Rc1 c5 12. c4 dxc4 13. Bxc4 Qd8 14. dxc5 Ngxe5 15. Nxe5 Nxe5 16. Bb5+ Nc6 17. Qe2 Be7 18. Rfd1 Qc8 19. Bc3 0-0 20. Qf3 Bg5 21. Qg3 Bg6 22. f4 Bd8 23. h4 Ne7 24. Be5 Nf5 25. Qe1 Bc7 26. Bd7 Qb8 27. g4 Bxe5 28. fxe5 Ne7 29. Bb5 a6 30. Bf1 Qc7 31. Bg2 Rad8 32. h5 Bh7 33. Qg3 Rxd1+ 34. Rxd1 Bc2 35. Rd4 Bxa4 36. Rxa4 Qxc5+ 37. Kh2 Rd8 38. Bxb7 Qc2+ 39. Bg2 Qxa4 40. a3 Qc2 41. b4 Rd2 42. Kh1 Nd5 43. Kh2 Nf4 44. Qxf4 Rxg2+ 45. Kh3 Rg1 46. Qf3 Rd1 47. Qf4 Rh1+ 48. Kg3 Qh2+ 49. Kf3 Rf1+ 50. Ke3 Qxf4+ 51. Kd3 Rf3+ 52. Kc2 Qh2+ 53. Kd1 Rf1# 0-1

[Event "Sunningdale e2e4 U1800 op 04"]
[Site "Sunningdale"]
[Date "2014.04.19"]
[Round "4"]
[White "Zhang, Harvey Y"]
[Black "Johnson, Elizabeth"]
[Result "1-0"]
[WhiteElo "1671"]
[BlackElo "1428"]
[PlyCount "143"]
[EventDate "2014.04.17"]
[EventType "swiss"]
[EventRounds "7"]
[EventCountry "ENG"]
[SourceTitle "EXT 2015"]
[Source "ChessBase"]
[SourceDate "2014.11.20"]
[SourceVersion "1"]
[SourceVersionDate "2014.11.20"]
[SourceQuality "1"]

1. d4 d5 2. Nf3 Nc6 3. c4 Nf6 4. Nc3 e6 5. Bf4 Bd6 6. Bg5 h6 7. Bxf6 Qxf6 8. cxd5 exd5 9. Nxd5 Qd8 10. Nc3 Bd7 11. e3 0-0 12. Be2 Ne7 13. 0-0 Ng6 14. Bd3 Qe7 15. Qb3 Be6 16. Qc2 Qf6 17. Ne4 Qe7 18. Nxd6 Qxd6 19. Bxg6 fxg6 20. Qxg6 Rf6 21. Qg3 Qe7 22. Rac1 c6 23. a3 Raf8 24. Rc5 Rf5 25. Rxf5 Bxf5 26. Qe5 Qf7 27. Qc5 a6 28. Qd6 Qb3 29. Qb4 Qf7 30. Ne5 Qc7 31. Rc1 Be4 32. f3 Bd5 33. e4 Be6 34. Nd3 Re8 35. d5 Bc8 36. dxc6 bxc6 37. Qc4+ Kh8 38. Qxc6 Qa7+ 39. Qc5 Qd7 40. Nf4 Qd2 41. Nd5 Bb7 42. Qc3 Qg5 43. Qe3 Qe5 44. Nc3 Qd6 45. Rd1 Qf6 46. Qd4 Qe6 47. Qd7 Qb6+ 48. Kf1 Rf8 49. Qd6 Qxd6 50. Rxd6 Rf7 51. Ke2 Re7 52. Ke3 Kg8 53. Kd4 Kf7 54. Nd5 Bxd5 55. Rxd5 Ke6 56. Re5+ Kd6 57. Rxe7 Kxe7 58. Kd5 Kd7 59. b4 Ke7 60. a4 Kd7 61. b5 axb5 62. axb5 Kc7 63. Kc5 Kb7 64. e5 Kc7 65. b6+ Kc8 66. e6 Kd8 67. b7 Kc7 68. e7 g6 69. e8Q Kxb7 70. Qd7+ Kb8 71. Kb6 Ka8 72. Qc8# 1-0

[Event "Hampstead op U2200 10"]
[Site "Hampstead"]
[Date "2013.10.26"]
[Round "3"]
[White "Johnson, Elizabeth"]
[Black "Wen, Jackson"]
[Result "0-1"]
[WhiteElo "1234"]
[BlackElo "1794"]
[PlyCount "100"]
[EventDate "2013.10.26"]
[EventType "swiss"]
[EventRounds "5"]
[EventCountry "ENG"]
[SourceTitle "EXT 2015"]
[Source "ChessBase"]
[SourceDate "2014.11.20"]
[SourceVersion "1"]
[SourceVersionDate "2014.11.20"]
[SourceQuality "1"]

1. d4 f5 2. Nc3 Nf6 3. Nf3 e6 4. Bf4 b6 5. Nb5 d6 6. e3 Bb7 7. Be2 Be7 8. h3 h6 9. a3 a6 10. Nc3 Nbd7 11. Qd3 Nh5 12. Nh2 Nxf4 13. exf4 Nf6 14. b4 0-0 15. 0-0 Qe8 16. Rfe1 Nh5 17. Bxh5 Qxh5 18. Rxe6 Rae8 19. Rae1 Bf6 20. b5 axb5 21. Nxb5 Qf7 22. Rxe8 Rxe8 23. Rxe8+ Qxe8 24. Nxc7 Qc6 25. Nf3 Qxc7 26. d5 Qc5 27. Qe3 Qxe3 28. fxe3 Bxd5 29. Nd2 Bc3 30. Nf1 Bb2 31. Ng3 g6 32. a4 Bc6 33. Kh2 Bxa4 34. e4 Bxc2 35. exf5 Bxf5 36. Ne2 Bd3 37. Ng1 Bc3 38. Nf3 b5 39. Kg1 b4 40. g4 b3 41. h4 b2 42. h5 b1Q+ 43. Kg2 Be4 44. hxg6 Qc2+ 45. Kg3 Bxf3 46. Kxf3 Qd3+ 47. Kg2 Qe2+ 48. Kg3 Be1+ 49. Kh3 Qf2 50. f5 Qg3# 0-1